000 00529nam a2200169 a 4500
005 20140412111333.0
008 050418s19uu xx 00 eng d
020 _a0-00-617956-8
050 _aBB
_bTu84 1989
245 _aTurtle day /
_cby Douglas Florian.
260 _a[s.l.] :
_bHarperCollins,
_c1989.
300 _a1 v. (unp.) ; ill.
520 _aTurtle's adventures include sunning on a log, going for a swim, and being scared by a snake.
650 _aTurtles
_xFiction
650 _aChildren stories
999 _c104975
_d104975